000 02525nam a2200553 a 4500
001 3031
003 CO-ViMGA
008 141112s2004 ck r 000 u spa d
040 _aCO-ViMGA
_bspa
_cCO-ViMGA
082 0 4 _aR621.3 E524
245 1 0 _aEnciclopedia Ceac de electricidad
250 _a4
260 _aBarcelona :
_bCeac,
_c1983
300 _a16 Vol : il
500 _aSolicitar el ejemplar de la tabla de contenido.
505 _aVOL.(1), Electrotecnia general VOL.(2), Pilas y acumuladores VOL.(3)Máquina de corriente alterna VOL.(4), Transformadores convertidores VOL.(5), Máquinas motrices. Generaciones de energía electrica VOL.(6), Centrales electricas VOL.(7), Estaciones de transformación y distribución. Protección de sistemas electricas VOL.(8), Instalaciones electricas generales VOL.(9), Maniobra mando y control electrico VOL.(10), Instalaciones de baja tensión. Cálculo de lineas electricas VOL.(11), Luminotecnica VOL.(12), Talleres electromecánicos embobinados VOL.(13), Materiales electrónicos VOL.(14), Electrónica industrial VOL.(15), Medidas electricas VOL.(16), Equipos electromecánicos industriales
650 1 4 _aACUMULADORES
_952301
650 1 4 _aAMPLIFICADORES
_952302
650 1 4 _aBATERIAS ELECTRICAS
_952303
650 1 4 _aBOBINADOS ELECTRICOS
_952304
650 1 4 _aCIRCUITOS ELECTRICOS
650 1 4 _aCIRCUITOS ELECTRICOS
650 1 4 _aCONDUCTORES ELECTRICOS
_952306
650 1 4 _aCONVERTIDORES DE CORRIENTE ELECTRICA
_952307
650 1 4 _aCORRIENTE ELECTRICA
650 1 4 _aDINAMO 16. CENTRALES ELECTRICAS
_952309
650 1 4 _aELECTRICIDAD - ACCIDENTES
_952310
650 1 4 _aELECTRICIDAD - APARATOS E INSTRUMENTOS
_95448
650 1 4 _aELECTRICIDAD - DISPOSITIVOS DE DISTRIBUCIONES
_952311
650 1 4 _aELECTRICIDAD - ENCICLOPEDIA
_952312
650 1 4 _aELECTRICIDAD - MEDICIONES, ELECTRICIDAD - LABORATORIOS
_952313
650 1 4 _aELECTRONICA INDUSTRIAL
650 1 4 _aELECTROSTATICA
_952315
650 1 4 _aENERGIA
650 1 4 _aFISICA NUCLEAR
650 1 4 _aINGENIERIA - ELECTRICIDAD
_952318
650 1 4 _aINSTALACIONES ELECTRICAS
650 1 4 _aLUMINOTECNIA
_952320
650 1 4 _aMAGNETISMO
650 1 4 _aMAQUINAS ELECTRICAS
_952322
650 1 4 _aMOTORES ELECTRICOS
_952323
650 1 4 _aREACTORES NUCLEARES
_952324
650 1 4 _aRIELES ELECTRICOS
_952325
650 1 4 _aTALLERES ELECTRICOS
_952326
650 1 4 _aTRANSFORMADORES ELECTRICOS
650 1 4 _aTURBINAS DE GAS
_952328
650 1 4 _aVALCULAS ELECTRONICAS
_952329
942 _2ddc
_cBK
999 _c15086
_d15086